| 000 | 00821nab a2200253 4500 | ||
|---|---|---|---|
| 003 | BR-BrBNA | ||
| 005 | 20241013230013.0 | ||
| 008 | 241013b bl.||||| |||| 00| 0 por d | ||
| 040 |
_aBR-BrBNA _bpor |
||
| 072 | _aE40 ; E50 | ||
| 100 | _aMatthiesen, Marina | ||
| 100 | _aLacombe, Renata | ||
| 245 | _aA união pede mais força | ||
| 500 | _a3 illus.; 1 table | ||
| 650 | _aASSOCIATIVISMO | ||
| 650 | _aASSOCIAÇÃO RURAL | ||
| 650 | _aCOOPERATIVISMO | ||
| 650 | _aCOOPERATIVA DE PRODUTORES | ||
| 650 | _aSINDICATO | ||
| 650 | _aSOCIOLOGIA RURAL | ||
| 773 | 0 |
_04115 _9344975 _dPiracicaba-SP Centro de Estudos Avançados em Economia Aplicada-CEPEA/USP/ESALQ 2002 _o2024-5388 _tHortifruti Brasil (Brazil) _x1981-1837 _gv. 2(16) p. 10-13; (Aug 2003) _wBR2024003035 |
|
| 942 | _cANA | ||
| 999 |
_c328079 _d328079 |
||